| Tag |
First Indicator |
Second Indicator |
Subfields |
| LEADER |
00000cam a2200000 a 4500 |
| 001 |
in00000771981 |
| 005 |
20151017051217.0 |
| 008 |
800807s1980 fr b i00010 eng d |
| 035 |
|
|
|a (OCoLC)06595648
|
| 035 |
|
|
|9 ADK5217AM
|
| 040 |
|
|
|a NYG
|c NYG
|d UMK
|d OCL
|d TXA
|d UtOrBLW
|
| 049 |
|
|
|a TXAM
|c [1197429]
|
| 090 |
|
|
|a HD9436
|b R43
|
| 092 |
|
|
|a 636.3
|b R333, 80-81756
|
| 100 |
1 |
|
|a Regan, Eugène.
|
| 245 |
1 |
4 |
|a The sheep market, problems and prospects /
|c by Eug ene Regan with the contribution of Michel Mollard.
|
| 264 |
|
1 |
|a Paris :
|b Organisation for Economic Co-operation and Development,
|c 1980.
|
| 300 |
|
|
|a 154 pages ;
|c 27 cm.
|
| 336 |
|
|
|a text
|b txt
|2 rdacontent
|
| 337 |
|
|
|a unmediated
|b n
|2 rdamedia
|
| 338 |
|
|
|a volume
|b nc
|2 rdacarrier
|
| 500 |
|
|
|a Cover title.
|
| 500 |
|
|
|a At head of title: Co-operative Action Programme.
|
| 504 |
|
|
|a Bibliography: pages 153-154.
|
| 650 |
|
0 |
|a Sheep
|x Marketing.
|
| 710 |
2 |
|
|a Organisation for Economic Co-operation and Development.
|
| 999 |
|
|
|a MARS
|
| 999 |
f |
f |
|s 9f6afb2e-1fa6-3cda-ac68-151dbdb9cb21
|i 11d4626c-b663-364c-9236-5c2e9c33c53e
|t 0
|
| 952 |
f |
f |
|p ric
|a Texas A&M University
|b Rellis Campus
|c Joint Library Facility
|d Remote Storage
|t 0
|e HD9436 R43
|h Library of Congress classification
|i unmediated -- volume
|m A14806364718
|
| 998 |
f |
f |
|a HD9436 R43
|t 0
|l Remote Storage
|